Statistiques concernant Plus Grandes Communes du District du Locle (NE, Suisse)

Cliquez ici pour prendre le quiz!

Statistiques générales

  • Ce quiz a été pris 10 fois
  • Le résultat moyen est 4 sur 7

Statistiques - réponses

Population Ville % Correct
10422Le Locle
100%
1076Les Brenets
63%
655La Brévine
63%
1276Les Ponts de Martel
63%
372Le Cerneux-Péquignot
50%
483La Chaux du Milieu
25%
247Brot Plamboz
13%

Distribution des résultats

Percentile by Number Answered

% des personnes avec chaque résultat

Votre développement - résultats

Vous n’avez pas pris ce quiz